Представление документа в формате RUSMARC

ПолеНазваниеЗначение
  Тип записи a
  Библиографический уровень a
001 Контрольный номер RU/CBS_UL/BASE/666114017
005 Дата корректировки 20240209175258.2
100 Данные общей обработки __
a Данные общей обработки 20210208d2021 ||| 0rusy0189 ca
101 Язык документа 0_
a Язык текста rus
102 Страна публикации __
a Страна публикации RU
105 Кодированные данные (монография) __
a Кодированные данные (монография) y###||||000|y
181 Поле кодированных данных: вид содержания _1
a Код вида содержания (ISBD) i#
b Код характеристики содержания (ISBD) #xxe##
d i
g x
h x
i e
182 Поле кодированных данных: тип средства _1
a Код типа средства (ISBD) n
2 Код системы (источник кода, отличный от ISBD) isbdmedia
200 Заглавие и сведения об ответственности 1_
a Заглавие Диатомовое чудо
b Общее обозначение материала Текст
e Сведения, относящиеся к заглавию [диатомовые водоросли играют огромную роль в водных экосистемах, они составляют основную часть фитопланктона, а из их ажурных скелетов современные художники-диатомисты составляют сложные орнаменты, одним из первых был Йоханн Мёллер, а орнаменты мастера Клауса Кемпа самые сложные на сегодняшний день]
f Первые сведения об ответственности Н. Медведева
w Текст (визуальный) : непосредственный
203 Вид содержания и тип средства __
a Вид содержания Текст
b Характеристика содержания визуальный
c Тип средства непосредственный
333 Примечание о целевом назначении __
a Примечание о целевом назначении 6+
461 Уровень набора _0
1 2000
a Костер
463 Уровень физической единицы _0
1 001RU/CBS_UL/BASE/665855794
1 2000
a № 1
v С. 29
1 210
d 2021
600 Персоналии _0
a Персоналии (Фамилия) Кемп
b Персоналии (Имя, инициалы) К.
606 Тематические рубрики 0_
a Основная рубрика Гидробиология
606 Тематические рубрики 0_
a Основная рубрика Декоративно-прикладное искусство
610 Ключевые слова 0_
a Ключевые слова гидробиология
610 Ключевые слова 0_
a Ключевые слова диатомовые водоросли
610 Ключевые слова 0_
a Ключевые слова диатомеи
610 Ключевые слова 0_
a Ключевые слова фитопланктон
610 Ключевые слова 0_
a Ключевые слова художники-диатомисты
610 Ключевые слова 0_
a Ключевые слова диатомовые орнаменты
686 Индексы других классификаций __
a Классификационный индекс 28.082
2 Код системы rubbk
686 Индексы других классификаций __
a Классификационный индекс 85.12
700 Автор _1
a Фамилия Медведева
b Имя (инициалы) Н.
801 Источник записи _0
a Страна RU
b Организация МБУК ЦБС г. Ульяновска
c Дата составления 20210208
g Правила каталогизации RCR
801 Источник записи _1
a Страна RU
b Организация МБУК ЦБС г. Ульяновска
c Дата составления 20210208
g Правила каталогизации RCR
901 Тип документа __
t Тип документа b
w Контрольный № источника RU/CBS_UL/BASE/665855794
910 Корректоры записи __
a Корректор записи oibd3
938 Служебная информация __
a Имя БД period